Welcome to CU Library Online Public Access Catalogue (OPAC)

Current Pediatric Diagnosis & Treatment/ (Record no. 4150)

MARC details
000 -LEADER
fixed length control field 00528nam a22001577a 4500
005 - DATE AND TIME OF LATEST TRANSACTION
control field 20250223084156.0
008 - FIXED-LENGTH DATA ELEMENTS--GENERAL INFORMATION
fixed length control field 250223b |||||||| |||| 00| 0 eng d
020 ## - INTERNATIONAL STANDARD BOOK NUMBER
International Standard Book Number 9780071383844
050 ## - LIBRARY OF CONGRESS CALL NUMBER
Classification number RJ1
Item number .K45
245 ## - TITLE STATEMENT
Title Current Pediatric Diagnosis & Treatment/
Remainder of title a LANGE medical book
Statement of responsibility, etc. Edited by William W. Hay...et al.,
250 ## - EDITION STATEMENT
Edition statement 16th ed.
260 ## - PUBLICATION, DISTRIBUTION, ETC.
Place of publication, distribution, etc. New York
Name of publisher, distributor, etc. Lange medical Books/McGraw-Hill Medical Publishing Division
Date of publication, distribution, etc. 2003
300 ## - PHYSICAL DESCRIPTION
Extent xix. 1415p.
Dimensions 23.5cm
700 ## - ADDED ENTRY--PERSONAL NAME
Personal name Hay, William W.
942 ## - ADDED ENTRY ELEMENTS (KOHA)
Source of classification or shelving scheme Library of Congress Classification
Koha item type Books
Edition 16th ed.
Suppress in OPAC No
999 ## -
-- 4150
-- 4150
Holdings
Withdrawn status Lost status Source of classification or shelving scheme Damaged status Not for loan Collection Home library Current library Shelving location Date acquired Total checkouts Full call number Barcode Date last seen Copy number Price effective from Koha item type
    Library of Congress Classification     Non-fiction Science Library (Miotso) Science Library (Miotso) General stacks 02/23/2025   RJ1 .K45 CUR SLM00003696 02/23/2025 1 02/23/2025 Books
    Library of Congress Classification     Non-fiction Science Library (Miotso) Science Library (Miotso) General stacks 02/23/2025   RJ1 .K45 CUR SLM00003697 02/23/2025 2 02/23/2025 Books
    Library of Congress Classification     Non-fiction Science Library (Miotso) Science Library (Miotso) General stacks 02/23/2025   RJ1 .K45 CUR SLM00003698 02/23/2025 3 02/23/2025 Books
    Library of Congress Classification     Non-fiction Science Library (Miotso) Science Library (Miotso) General stacks 02/23/2025   RJ1 .K45 CUR SLM00003699 02/23/2025 4 02/23/2025 Books
© 2023-2024 Copyright: Central University Libraries. All Rights Reserved | Created by: Mahone Tech Office